[Event "15th Unive op"]
[Site "Hoogeveen NED"]
[Date "2011.10.16"]
[Round "3.12"]
[White "Raznikov, Danny"]
[Black "Vedder, Richard"]
[Result "1-0"]
[WhiteElo "2433"]
[BlackElo "2260"]
[EventDate "2011.10.14"]
[PlyCount "25"]

1.d4 d5 2.c4 dxc4 3.e3 e5 4.Bxc4 Nc6 5.Nf3 e4 6.Nfd2 Qg5 7.Nxe4 Qxg2 8.Ng3
Bd6 9.Bf1 Qd5 10.Nc3 Bb4 11.Bd2 Qd8 12.d5 Ne5 13.Qa4+ 1-0

[Event "15th Unive op"]
[Site "Hoogeveen NED"]
[Date "2011.10.16"]
[Round "3.13"]
[White "Nakar, Eylon"]
[Black "Van Delft, Merijn"]
[Result "1/2-1/2"]
[WhiteElo "2268"]
[BlackElo "2413"]
[EventDate "2011.10.14"]
[PlyCount "82"]

1.e4 c5 2.Nc3 a6 3.Nf3 b5 4.d3 Bb7 5.g3 e6 6.Bg2 d6 7.O-O Be7 8.a3 Nd7 9.
Qe2 Qc7 10.Bd2 Ngf6 11.Ng5 h6 12.Nh3 Ne5 13.Nd1 Nc6 14.Ne3 O-O 15.Rae1 a5 
16.f4 c4 17.dxc4 bxc4 18.Bc3 Rfe8 19.Nf2 Rad8 20.Nfg4 Nxg4 21.Qxg4 Bf8 22.
Kh1 Rd7 23.Rd1 a4 24.Rfe1 Ba6 25.Qf3 Na7 26.Bb4 Nc6 27.Bc3 Na7 28.Bb4 Bb7 
29.Qf1 Ba6 30.Qf3 Nb5 31.Bf1 c3 32.bxc3 Ra8 33.c4 Na7 34.Bg2 Bb7 35.Qf2 
Nc6 36.c3 Na5 37.Rd4 Nb3 38.Rdd1 Nc5 39.Nc2 Rc8 40.Nd4 Na6 41.Nb5 Qd8 
1/2-1/2

[Event "15th Unive op"]
[Site "Hoogeveen NED"]
[Date "2011.10.16"]
[Round "3.14"]
[White "Okkes, Menno"]
[Black "Goudriaan, Etienne"]
[Result "1/2-1/2"]
[WhiteElo "2386"]
[BlackElo "2250"]
[EventDate "2011.10.14"]
[PlyCount "54"]

1.c4 g6 2.e4 Bg7 3.d4 d6 4.Nc3 Nf6 5.Nf3 O-O 6.h3 c5 7.d5 e6 8.Bd3 exd5 9.
exd5 Re8+ 10.Be3 Bh6 11.O-O Bxe3 12.fxe3 Qe7 13.e4 Nbd7 14.Rf2 Nh5 15.Qd2 
Ne5 16.Nxe5 Qxe5 17.Ne2 Bd7 18.Qc3 a6 19.a4 Qxc3 20.Nxc3 Re7 21.Kh2 Rf8 
22.Ra3 Kg7 23.Ra1 f5 24.exf5 Re3 25.Be2 Ng3 26.Rf3 Rxf3 27.Bxf3 Nxf5 
1/2-1/2

[Event "15th Unive op"]
[Site "Hoogeveen NED"]
[Date "2011.10.16"]
[Round "3.15"]
[White "Tania, Sachdev"]
[Black "Meurs, Tom WA"]
[Result "1-0"]
[WhiteElo "2419"]
[BlackElo "2217"]
[EventDate "2011.10.14"]
[PlyCount "79"]

1.d4 d5 2.c4 c6 3.Nf3 Nf6 4.Nc3 e6 5.Qb3 dxc4 6.Qxc4 b5 7.Qd3 Bb7 8.e4 b4 
9.Na4 Qa5 10.b3 Nbd7 11.Be3 Rd8 12.Qc2 c5 13.dxc5 Bxe4 14.Qc4 Bc6 15.Rc1 
Be7 16.Bd2 Qc7 17.Qxb4 Ne5 18.Nxe5 Qxe5+ 19.Be2 Nd5 20.Qc4 Bg5 21.Bxg5 
Qxg5 22.Bf3 a6 23.h4 Qh6 24.Rd1 O-O 25.Nb2 Qf6 26.Nd3 Nc3 27.Bxc6 Nxd1 28.
O-O Nb2 29.Nxb2 Qxb2 30.Bb7 Qe5 31.c6 Qc7 32.Bxa6 Rd6 33.Bb7 Rfd8 34.Qf4 
Qb6 35.b4 Rd4 36.Qe5 R4d5 37.Qc3 Qc7 38.a4 Rd4 39.b5 R4d7 40.a5 1-0

[Event "15th Unive op"]
[Site "Hoogeveen NED"]
[Date "2011.10.16"]
[Round "3.16"]
[White "Markus, John Raymond"]
[Black "Ernst, Sipke"]
[Result "0-1"]
[WhiteElo "2167"]
[BlackElo "2581"]
[EventDate "2011.10.14"]
[PlyCount "64"]

1.d4 d5 2.c4 e6 3.cxd5 exd5 4.Nc3 c6 5.Nf3 Bf5 6.Qb3 Qb6 7.Qxb6 axb6 8.g3 
Nf6 9.Bg2 Bb4 10.O-O O-O 11.Ne5 Re8 12.Bf4 Nbd7 13.Bf3 Nxe5 14.Bxe5 Nd7 
15.Bf4 Bxc3 16.bxc3 b5 17.Rfc1 Ra6 18.g4 Bg6 19.h4 Nb6 20.h5 Be4 21.h6 
gxh6 22.Kg2 Rea8 23.Bxe4 dxe4 24.Rh1 Rxa2 25.Rxa2 Rxa2 26.Bxh6 Nd5 27.e3 
Nxc3 28.Rh5 f6 29.Rf5 Nd5 30.Kg3 b4 31.g5 Kf7 32.gxf6 b3 0-1

[Event "15th Unive op"]
[Site "Hoogeveen NED"]
[Date "2011.10.16"]
[Round "3.17"]
[White "Voekler, Bernd"]
[Black "Go, Benjamin"]
[Result "1-0"]
[WhiteElo "2374"]
[BlackElo "2153"]
[EventDate "2011.10.14"]
[PlyCount "71"]

1.e4 d6 2.d4 Nf6 3.Nc3 g6 4.f3 Bg7 5.Be3 c6 6.Qd2 h6 7.g4 b5 8.Bg2 Bb7 9.
Nge2 Qc7 10.O-O Nbd7 11.h3 Nb6 12.b3 h5 13.g5 Nfd7 14.f4 b4 15.Nd1 c5 16.
c3 Ba6 17.Rc1 bxc3 18.Ndxc3 Rc8 19.d5 O-O 20.e5 dxe5 21.f5 Qd6 22.Be4 c4 
23.b4 Bb7 24.Nb5 c3 25.Nexc3 Qxb4 26.a3 Qc4 27.Nxa7 Rcd8 28.fxg6 fxg6 29.
Rxf8+ Rxf8 30.Nc6 Bxc6 31.dxc6 Nc5 32.Bd5+ Nxd5 33.Qxd5+ Qxd5 34.Nxd5 Ne6 
35.c7 Nxc7 36.Rxc7 1-0

[Event "15th Unive op"]
[Site "Hoogeveen NED"]
[Date "2011.10.16"]
[Round "3.18"]
[White "Peelen, Piet"]
[Black "Van Foreest, Jorden"]
[Result "1-0"]
[WhiteElo "2354"]
[BlackElo "2153"]
[EventDate "2011.10.14"]
[PlyCount "79"]

1.c4 Nf6 2.d4 e6 3.Nf3 d5 4.Bg5 c6 5.e3 Nbd7 6.Nc3 Be7 7.Qc2 O-O 8.Rc1 a6 
9.a3 Re8 10.Bd3 dxc4 11.Bxc4 b5 12.Bd3 c5 13.Bxf6 Nxf6 14.dxc5 Bxc5 15.Ne4
Be7 16.Nxf6+ Bxf6 17.Bxh7+ Kh8 18.Be4 Ra7 19.O-O Qe7 20.Qxc8 Bxb2 21.Qc5 
f5 22.Qxe7 Raxe7 23.Bc6 Rc8 24.Rc2 Bxa3 25.Ra1 b4 26.Ba4 Rxc2 27.Bxc2 g6 
28.Kf1 Rc7 29.Bb3 Rc3 30.Bxe6 b3 31.Nd2 b2 32.Rd1 Rc1 33.Ke2 Bb4 34.Nb1 
Rc2+ 35.Kf1 f4 36.Bb3 Rc1 37.exf4 Kg7 38.Ke2 Kf6 39.g3 Kf5 40.h3 1-0

[Event "15th Unive op"]
[Site "Hoogeveen NED"]
[Date "2011.10.16"]
[Round "3.19"]
[White "Knol, Geon"]
[Black "Ootes, Lars"]
[Result "1-0"]
[WhiteElo "2137"]
[BlackElo "2340"]
[EventDate "2011.10.14"]
[PlyCount "109"]

1.e4 d6 2.d4 Nf6 3.Nc3 g6 4.g3 Bg7 5.Bg2 O-O 6.Nge2 Na6 7.h3 c5 8.Be3 cxd4
9.Bxd4 e5 10.Be3 Be6 11.O-O Nc7 12.Bg5 Qd7 13.Kh2 Nfe8 14.Qd2 f5 15.exf5 
gxf5 16.Nd5 Nxd5 17.Bxd5 Nc7 18.Bxe6+ Qxe6 19.c4 Rf7 20.Nc3 Qxc4 21.Qxd6 
Ne6 22.b3 Qc8 23.Be7 e4 24.Nd5 Bxa1 25.Rxa1 Ng7 26.Qh6 Qc2 27.Kg1 Kh8 28.
Nf6 Rxf6 29.Bxf6 Qc7 30.Rc1 Qf7 31.Be5 Qe7 32.Qxg7+ Qxg7 33.Bxg7+ Kxg7 34.
Rc7+ Kg6 35.Rxb7 a5 36.a3 Rc8 37.Rb6+ Kg5 38.Rb5 Rc3 39.a4 h5 40.Kg2 h4 
41.g4 Rf3 42.Rxa5 Rxb3 43.Rxf5+ Kg6 44.Re5 Rb4 45.a5 Ra4 46.Rh5 Ra2 47.Kf1
Ra1+ 48.Ke2 Ra2+ 49.Ke3 Ra3+ 50.Kxe4 Rxh3 51.f4 Ra3 52.f5+ Kf6 53.Rh6+ Kg7
54.Rxh4 Rxa5 55.Kf4 1-0

[Event "15th Unive op"]
[Site "Hoogeveen NED"]
[Date "2011.10.16"]
[Round "3.20"]
[White "Donchenko, Alexander"]
[Black "Middelveld, Martine"]
[Result "1/2-1/2"]
[WhiteElo "2304"]
[BlackElo "2143"]
[EventDate "2011.10.14"]
[PlyCount "109"]

1.d4 e6 2.c4 Nf6 3.Nf3 b6 4.g3 Bb7 5.Bg2 Be7 6.O-O O-O 7.Nc3 Ne4 8.Bd2 f5 
9.d5 Bf6 10.Rc1 Na6 11.a3 Nac5 12.b4 Nxc3 13.Bxc3 Ne4 14.Bd4 Qe7 15.Bxf6 
Qxf6 16.Qb3 a5 17.Rfd1 axb4 18.axb4 e5 19.c5 Kh8 20.Qb2 Rfe8 21.Nd2 Nxd2 
22.Rxd2 bxc5 23.bxc5 Ba6 24.d6 c6 25.Ra1 Bb5 26.Rdd1 e4 27.Qxf6 gxf6 28.e3
Kg7 29.h4 Kf7 30.Bh3 Rxa1 31.Rxa1 Re5 32.Rc1 Bd3 33.g4 fxg4 34.Bxg4 f5 35.
Bh5+ Kg7 36.Kg2 Kh6 37.Bd1 Kg6 38.Kg3 Bf1 39.Bb3 Be2 40.Kf4 Kf6 41.Bg8 h6 
42.Bb3 Bg4 43.Ba2 Be2 44.Bf7 Bg4 45.Bb3 Be2 46.Ra1 Rxc5 47.Ra7 Rb5 48.Bg8 
Rb8 49.Bh7 Bg4 50.Rxd7 Rb2 51.Kg3 Rd2 52.Rd8 Ke5 53.Re8+ Kf6 54.Rd8 Ke5 
55.Re8+ 1/2-1/2

[Event "15th Unive op"]
[Site "Hoogeveen NED"]
[Date "2011.10.16"]
[Round "3.21"]
[White "Arp, Frans"]
[Black "Afek, Yochanan"]
[Result "0-1"]
[WhiteElo "2107"]
[BlackElo "2299"]
[EventDate "2011.10.14"]
[PlyCount "98"]

1.e4 c5 2.Nf3 Nc6 3.d4 cxd4 4.Nxd4 g6 5.Nc3 Bg7 6.Be3 Nf6 7.Be2 O-O 8.O-O 
d6 9.Kh1 d5 10.Nxc6 bxc6 11.e5 Nd7 12.f4 e6 13.Na4 Qa5 14.c3 Ba6 15.Bxa6 
Qxa6 16.Nc5 Nxc5 17.Bxc5 Rfb8 18.b4 Rb7 19.g4 Qc4 20.Qf3 a5 21.a3 f6 22.f5
exf5 23.gxf5 fxe5 24.fxg6 hxg6 25.Rae1 axb4 26.cxb4 Qh4 27.Qg2 g5 28.Re3 
Rf7 29.Rxf7 Kxf7 30.Qf1+ Kg6 31.b5 Rh8 32.h3 Qf4 33.Rf3 Qe4 34.Kh2 cxb5 
35.Be7 Rc8 36.Rg3 Rc2+ 37.Kg1 Qd4+ 38.Kh1 Qe4+ 39.Kg1 Qe2 40.Rxg5+ Kh6 41.
Qxe2 Rxe2 42.h4 d4 43.Kf1 d3 44.Bd6 Re4 45.Bb4 Rxh4 46.Bd2 Kh7 47.Rf5 Rh1+
48.Kg2 Rd1 49.Be3 d2 0-1

[Event "15th Unive op"]
[Site "Hoogeveen NED"]
[Date "2011.10.16"]
[Round "3.22"]
[White "Maatman, Nick"]
[Black "Wagner, Dennis"]
[Result "0-1"]
[WhiteElo "1980"]
[BlackElo "2290"]
[EventDate "2011.10.14"]
[PlyCount "80"]

1.d4 d5 2.c4 dxc4 3.Nf3 c6 4.Nc3 b5 5.e4 Nf6 6.e5 Nd5 7.Be2 Bf5 8.Nh4 Nxc3
9.bxc3 Be4 10.e6 fxe6 11.Nf3 g6 12.Ng5 Bd5 13.Bg4 Qd6 14.O-O Bg7 15.Re1 e5
16.dxe5 Bxe5 17.Qc2 O-O 18.Ba3 Qf6 19.Ne4 Qf4 20.Ng3 Bd6 21.Bxd6 exd6 22.
Be6+ Bxe6 23.Rxe6 Nd7 24.Rae1 Nc5 25.Re7 d5 26.Qe2 Rf7 27.Rxf7 Qxf7 28.Qe3
Nd3 29.Re2 Rd8 30.h4 Rd6 31.h5 Nf4 32.Qe8+ Qxe8 33.Rxe8+ Kf7 34.Ra8 b4 35.
Rxa7+ Ke6 36.Kf1 bxc3 37.Ne2 Nxe2 38.Kxe2 d4 39.hxg6 d3+ 40.Ke3 hxg6 0-1

[Event "15th Unive op"]
[Site "Hoogeveen NED"]
[Date "2011.10.16"]
[Round "3.23"]
[White "Lorscheid, Gerhard"]
[Black "Van Laatum, Maarten"]
[Result "1-0"]
[WhiteElo "2277"]
[BlackElo "2115"]
[EventDate "2011.10.14"]
[PlyCount "67"]

1.d4 Nf6 2.c4 g6 3.Nc3 d5 4.Bg5 Ne4 5.Bh4 Nxc3 6.bxc3 dxc4 7.e3 Bg7 8.Bxc4
O-O 9.Nf3 c5 10.O-O Nc6 11.Rb1 Na5 12.Bd3 Bg4 13.h3 Bxf3 14.Qxf3 Rc8 15.
Qd1 b6 16.Ba6 Rc7 17.Qa4 cxd4 18.cxd4 Qd5 19.Bg3 Rc3 20.Rfc1 Qc6 21.Qxc6 
Rxc6 22.Bb5 Rcc8 23.Bd7 Rc4 24.Bb5 Rcc8 25.Bc7 Bf6 26.Ba6 Ra8 27.Rc2 e6 
28.Rbc1 Rfe8 29.Bb5 Re7 30.Bd6 Rb7 31.Rc8+ Rxc8 32.Rxc8+ Kg7 33.Bf8+ Kg8 
34.Bh6+ 1-0

[Event "15th Unive op"]
[Site "Hoogeveen NED"]
[Date "2011.10.16"]
[Round "3.24"]
[White "Timmermans, Ivo"]
[Black "Van Lommel, Patrick"]
[Result "1-0"]
[WhiteElo "2247"]
[BlackElo "2111"]
[EventDate "2011.10.14"]
[PlyCount "109"]

1.d4 Nf6 2.c4 g6 3.Nc3 Bg7 4.e4 d6 5.Nf3 O-O 6.Be2 e5 7.O-O exd4 8.Nxd4 
Re8 9.f3 c6 10.Kh1 Nh5 11.g4 Nf6 12.Bf4 h5 13.g5 Nh7 14.Rg1 Na6 15.Qd2 Nc7
16.Rad1 Bh3 17.Nb3 Be5 18.Be3 Qe7 19.Nc1 Rad8 20.Nd3 b6 21.Nf2 Bc8 22.f4 
Bxc3 23.Qxc3 d5 24.Bf3 c5 25.cxd5 Nxd5 26.Rxd5 Rxd5 27.exd5 Qxe3 28.Qxe3 
Rxe3 29.Kg2 Bf5 30.Rd1 Kf8 31.Rd2 Ke8 32.Nd1 Rd3 33.Rxd3 Bxd3 34.Kf2 Kd7 
35.Ke3 Ba6 36.Nc3 Nf8 37.f5 Kd6 38.Kf4 Nd7 39.fxg6 fxg6 40.Ne4+ Ke7 41.Bg2
Bc4 42.d6+ Kf7 43.b3 Bd5 44.Nxc5 Bxg2 45.Nxd7 Ke6 46.Ne5 Kxd6 47.Nxg6 Bd5 
48.Kf5 a5 49.Nf4 Bg8 50.Nxh5 b5 51.Nf6 Be6+ 52.Kf4 Bf7 53.h4 b4 54.h5 a4 
55.h6 1-0

[Event "15th Unive op"]
[Site "Hoogeveen NED"]
[Date "2011.10.16"]
[Round "3.25"]
[White "Lambrechts, Koen"]
[Black "Stavast, Dick"]
[Result "1-0"]
[WhiteElo "2233"]
[BlackElo "2097"]
[EventDate "2011.10.14"]
[PlyCount "43"]

1.e4 e5 2.Nf3 Nc6 3.d4 exd4 4.Nxd4 Nf6 5.Nxc6 bxc6 6.e5 Qe7 7.Qe2 Nd5 8.c4
Nb6 9.b3 g6 10.Bb2 Bg7 11.g3 Bb7 12.Bg2 O-O-O 13.a4 d6 14.O-O Bxe5 15.a5 
Nd7 16.a6 Ba8 17.Qe3 Nc5 18.b4 Nd3 19.Bc3 Bxc3 20.Qxe7 Bxa1 21.Qe3 Ne5 22.
Nd2 1-0

[Event "15th Unive op"]
[Site "Hoogeveen NED"]
[Date "2011.10.16"]
[Round "3.26"]
[White "Duijker, Rick"]
[Black "Van Dorp, Folke"]
[Result "1-0"]
[WhiteElo "2214"]
[BlackElo "2050"]
[EventDate "2011.10.14"]
[PlyCount "79"]

1.e4 c5 2.Nf3 e6 3.d4 cxd4 4.Nxd4 a6 5.Bd3 Nf6 6.O-O e5 7.Nf3 d6 8.h3 Be7 
9.Re1 O-O 10.c4 Nc6 11.Nc3 Be6 12.Nd5 Bxd5 13.exd5 Nb8 14.a3 Nbd7 15.b4 
Re8 16.Bf1 Nf8 17.Be3 Qd7 18.Nd2 Ng6 19.g3 Rac8 20.Rc1 Bf8 21.Bg2 h6 22.
Qb3 Qf5 23.c5 e4 24.Bd4 Ne5 25.Nxe4 Nxe4 26.Rxe4 b6 27.c6 Nxc6 28.Rxe8 
Nxd4 29.Rcxc8 Nxb3 30.Be4 Qxc8 31.Rxc8 a5 32.Bh7+ Kxh7 33.Rxf8 axb4 34.
axb4 Nd4 35.Rxf7 Nc2 36.Rd7 Nxb4 37.Rxd6 b5 38.Rd8 Kg6 39.d6 Kf6 40.Re8 
1-0

[Event "15th Unive op"]
[Site "Hoogeveen NED"]
[Date "2011.10.16"]
[Round "3.27"]
[White "Grant, Jonathan"]
[Black "Klapwijk, Bram"]
[Result "1-0"]
[WhiteElo "2209"]
[BlackElo "2025"]
[EventDate "2011.10.14"]
[PlyCount "53"]

1.c4 Nf6 2.Nc3 g6 3.g3 d5 4.cxd5 Nxd5 5.Bg2 Nxc3 6.bxc3 Bg7 7.Nf3 O-O 8.
O-O c5 9.d4 Nc6 10.Be3 Be6 11.Ng5 Bd5 12.Bxd5 Qxd5 13.dxc5 Qc4 14.Qd7 Rab8
15.Bf4 Rfd8 16.Qh3 e5 17.Qxh7+ Kf8 18.Be3 Ne7 19.Rab1 Nd5 20.c6 Qxc6 21.
Bc1 Ne7 22.Ba3 Rd7 23.Rfd1 f6 24.Rxd7 Qxd7 25.Ne4 g5 26.Nxg5 Rc8 27.Qg6 
1-0

[Event "15th Unive op"]
[Site "Hoogeveen NED"]
[Date "2011.10.16"]
[Round "3.28"]
[White "Van Weersel, Arlette"]
[Black "Sekandar, Kambiz"]
[Result "1/2-1/2"]
[WhiteElo "2191"]
[BlackElo "1922"]
[EventDate "2011.10.14"]
[PlyCount "212"]

1.e4 c6 2.d4 d5 3.Nc3 dxe4 4.Nxe4 Bf5 5.Ng3 Bg6 6.h4 h6 7.Nf3 Nd7 8.h5 Bh7
9.Bd3 Bxd3 10.Qxd3 e6 11.Bf4 Qa5+ 12.Bd2 Bb4 13.c3 Be7 14.c4 Qc7 15.Bc3 
Ngf6 16.O-O-O b5 17.cxb5 cxb5 18.Kb1 O-O 19.Ne4 Rac8 20.Bd2 b4 21.Nxf6+ 
Nxf6 22.Ne5 b3 23.axb3 Rfd8 24.Rc1 Qb7 25.Qf3 Qxf3 26.Nxf3 Rb8 27.Ka2 Rd6 
28.Rc4 Rdb6 29.Rhc1 Bf8 30.Bf4 R8b7 31.Rc8 Nxh5 32.Bh2 g5 33.Nd2 Kg7 34.
Be5+ f6 35.R1c7+ Rxc7 36.Rxc7+ Kg6 37.Bh2 Ra6+ 38.Kb1 Bd6 39.Bxd6 Rxd6 40.
Rxa7 Rxd4 41.Kc2 Nf4 42.g3 Nd3 43.Re7 e5 44.f3 Nxb2 45.Ne4 Nd3 46.Re6 Nb4+
47.Kb2 Nd5 48.g4 Kf7 49.Ra6 Rd3 50.Ra7+ Ne7 51.Ng3 Ke8 52.Ra8+ Kd7 53.Ra7+
Kd8 54.Ra8+ Kd7 55.Ra7+ Kd8 56.Ra8+ Nc8 57.Nf5 Rxf3 58.Nxh6 e4 59.Kc2 Kd7 
60.Nf5 Rf4 61.Ne3 Nd6 62.Ra7+ Ke6 63.Ra6 Ke5 64.Kc3 Nb5+ 65.Kc4 Rf3 66.Nf5
Nc7 67.Ra5+ Kf4 68.Nd4 Rd3 69.Rf5+ Ke3 70.Nc2+ Kd2 71.Rf2+ Kc1 72.Nb4 Rd2 
73.Na2+ Kc2 74.Nb4+ Kd1 75.Rf1+ Ke2 76.Rxf6 e3 77.Nc6 Rc2+ 78.Kd4 Kd2 79.
Ne5 e2 80.Nf3+ Kd1 81.Rh6 Rd2+ 82.Ke4 Rd7 83.Rh1+ Kc2 84.Nd4+ Kd2 85.Nf3+ 
Kc3 86.Ke3 Re7+ 87.Kf2 Nd5 88.Nxg5 Nf4 89.Nf3 Nd3+ 90.Kg2 Kxb3 91.Nd4+ Kc4
92.Nxe2 Rxe2+ 93.Kg3 Kd5 94.Rf1 Re3+ 95.Kh4 Ne5 96.g5 Ke6 97.Rf6+ Ke7 98.
Ra6 Re1 99.Kg3 Re4 100.Ra7+ Ke6 101.g6 Nxg6 102.Ra6+ Kf5 103.Ra8 Re3+ 104.
Kf2 Rb3 105.Ra4 Nf4 106.Ra8 Nd3+ 1/2-1/2

[Event "15th Unive op"]
[Site "Hoogeveen NED"]
[Date "2011.10.16"]
[Round "3.29"]
[White "Gieben, Stijn"]
[Black "Fehr, Axel"]
[Result "0-1"]
[WhiteElo "1940"]
[BlackElo "2163"]
[EventDate "2011.10.14"]
[PlyCount "93"]

1.e4 c6 2.d4 d5 3.exd5 cxd5 4.Bd3 Nc6 5.c3 Qc7 6.Nf3 Bg4 7.O-O e6 8.h3 Bh5
9.Re1 Bd6 10.b3 Nge7 11.Ba3 Bf4 12.Bxe7 Qxe7 13.g3 Bd6 14.Nbd2 Qc7 15.Kg2 
Rc8 16.b4 Bg6 17.Bf1 h6 18.Qb3 O-O 19.Rac1 Rfd8 20.a3 Bh7 21.c4 dxc4 22.
Nxc4 Bf8 23.Nce5 Qd6 24.Bc4 Nxd4 25.Nxd4 Qxd4 26.Nxf7 Rxc4 27.Rxc4 Qd5+ 
28.Qf3 Qxf3+ 29.Kxf3 Kxf7 30.Rc7+ Kf6 31.Rxb7 Ra8 32.a4 Bc2 33.a5 Bb3 34.
Rd7 Bd5+ 35.Ke2 Bxb4 36.Ra1 a6 37.Rc7 Bd6 38.Rd7 Bb4 39.Rc7 Rd8 40.Ra4 Bd6
41.Ra7 Bc6 42.Rg4 Bb5+ 43.Kf3 g5 44.h4 Rc8 45.h5 Rc3+ 46.Kg2 Bc6+ 47.Kf1 
0-1

[Event "15th Unive op"]
[Site "Hoogeveen NED"]
[Date "2011.10.16"]
[Round "3.30"]
[White "Slingerland, Fred"]
[Black "Kollen, Zyon"]
[Result "1-0"]
[WhiteElo "2379"]
[BlackElo "2112"]
[EventDate "2011.10.14"]
[PlyCount "115"]

1.e4 e6 2.d4 d5 3.Nc3 Bb4 4.e5 c5 5.Bd2 cxd4 6.Nb5 Ba5 7.b4 Bb6 8.f4 Nc6 
9.Nf3 a6 10.Nd6+ Kf8 11.Bd3 Bc7 12.Nxc8 Rxc8 13.O-O Nge7 14.g4 Qd7 15.Qe2 
h6 16.f5 exf5 17.gxf5 Nxf5 18.Ng5 hxg5 19.Bxf5 Qe8 20.Bxc8 Qxc8 21.e6 
Bxh2+ 22.Kg2 Be5 23.Rxf7+ Kg8 24.Qg4 Rh2+ 25.Kg1 Rh6 26.Raf1 Qxe6 27.Qxe6 
Rxe6 28.Rxb7 Bf6 29.Rb6 Nd8 30.Rxe6 Nxe6 31.a4 Kf7 32.Rb1 Ke7 33.b5 axb5 
34.Rxb5 d3 35.cxd3 Bd4+ 36.Kg2 Kd6 37.Rb8 Kc7 38.Rb4 Bc5 39.Rb1 Bd4 40.Kf3
Nc5 41.Be3 g4+ 42.Ke2 Bxe3 43.Kxe3 Nxa4 44.Kd4 Kc6 45.Ra1 Nb6 46.Rg1 Nd7 
47.Rxg4 Nb8 48.Ke5 Nd7+ 49.Kf5 Kc5 50.Rxg7 Nb8 51.Ke6 Kd4 52.Rg4+ Kxd3 53.
Kxd5 Kc3 54.Rg6 Nd7 55.Rd6 Nf8 56.Ke5 Kc4 57.Kf5 Kc5 58.Rd8 1-0

[Event "15th Unive op"]
[Site "Hoogeveen NED"]
[Date "2011.10.16"]
[Round "3.31"]
[White "Sadallah, Osama"]
[Black "Hummel, Joop"]
[Result "0-1"]
[WhiteElo "2145"]
[BlackElo "2004"]
[EventDate "2011.10.14"]
[PlyCount "74"]

1.Nf3 d5 2.d4 e6 3.c4 c6 4.cxd5 exd5 5.Nc3 Bf5 6.Bf4 Bd6 7.Bxd6 Qxd6 8.Qb3
Nd7 9.O-O-O Ngf6 10.Ne5 Nxe5 11.dxe5 Qxe5 12.e3 O-O 13.Bd3 b5 14.Bxf5 Qxf5
15.f3 a5 16.Ne2 c5 17.Qxb5 a4 18.Qd3 Qe5 19.Rd2 Rfe8 20.Nc3 a3 21.Re1 
axb2+ 22.Rxb2 Ra3 23.Rc2 Rd8 24.Kb2 Qb8+ 25.Ka1 Rd7 26.Qb5 Qc7 27.f4 h6 
28.Qb2 Qa5 29.g4 d4 30.exd4 cxd4 31.Nb1 Ra4 32.f5 d3 33.Rc8+ Kh7 34.Nd2 
Ra7 35.Qb8 Rxa2+ 36.Kb1 Ra1+ 37.Kb2 Qa3# 0-1

[Event "15th Unive op"]
[Site "Hoogeveen NED"]
[Date "2011.10.16"]
[Round "3.32"]
[White "Te Bokkel, Gert Jan"]
[Black "Hoffman, Ron"]
[Result "1-0"]
[WhiteElo "2034"]
[BlackElo "2121"]
[EventDate "2011.10.14"]
[PlyCount "93"]

1.e4 c5 2.Nf3 Nc6 3.d4 cxd4 4.Nxd4 e5 5.Nb5 d6 6.N1c3 a6 7.Na3 b5 8.Nd5 
Nge7 9.c4 Nd4 10.Ne3 Bd7 11.Bd2 g6 12.Nec2 Qb6 13.Bc3 Bg7 14.Qd3 Nxc2+ 15.
Nxc2 bxc4 16.Qxc4 O-O 17.Rd1 Be6 18.Qa4 Rfd8 19.Bc4 Qc6 20.Qxc6 Nxc6 21.
Bd5 Rac8 22.O-O Bxd5 23.Rxd5 Ne7 24.Ra5 d5 25.Nb4 d4 26.Bd2 Nc6 27.Rxa6 
Nxb4 28.Bxb4 Rc2 29.b3 d3 30.Rd1 d2 31.Kf1 f5 32.Ke2 Rd4 33.Rxd2 Rdxd2+ 
34.Bxd2 Bh6 35.Rd6 Rxa2 36.exf5 Kf7 37.fxg6+ hxg6 38.Kd1 Ra1+ 39.Kc2 Ra2+ 
40.Kc3 Bf8 41.Rd5 Ke6 42.Rb5 e4 43.Rb6+ Kf5 44.Be3 Bg7+ 45.Kc4 Rc2+ 46.Kd5
Bb2 47.h3 1-0

[Event "15th Unive op"]
[Site "Hoogeveen NED"]
[Date "2011.10.16"]
[Round "3.33"]
[White "Van der Veen, Jan"]
[Black "Scharft, Johan"]
[Result "1-0"]
[WhiteElo "2115"]
[BlackElo "2005"]
[EventDate "2011.10.14"]
[PlyCount "111"]

1.e4 g6 2.Nc3 Bg7 3.Bc4 d6 4.d3 e5 5.f4 Nc6 6.Nf3 Be6 7.Bxe6 fxe6 8.fxe5 
Nxe5 9.O-O Qd7 10.Nxe5 Bxe5 11.Bg5 Bd4+ 12.Kh1 Ne7 13.Qg4 h6 14.Bxe7 Kxe7 
15.Qxg6 Raf8 16.Qh5 Kd8 17.Qe2 Qg7 18.Rab1 a6 19.g3 Ke7 20.Nd1 Rxf1+ 21.
Qxf1 h5 22.c3 Bf6 23.Qf3 h4 24.g4 Rf8 25.Qe2 Bg5 26.Nf2 b5 27.Nh3 Qh6 28.
Rf1 Rxf1+ 29.Qxf1 Bd2 30.Qe2 Bg5 31.Kg2 Bf6 32.d4 Bg5 33.e5 d5 34.Nf2 Bf4 
35.Nh3 Bg5 36.Nf2 Bf4 37.Qf3 Be3 38.Nd3 a5 39.Kh3 Bg5 40.Kg2 Be3 41.Kh3 
Bg5 42.Qe2 Qf8 43.Ne1 c6 44.Nf3 Qh6 45.Qf2 Bc1 46.b3 Ke8 47.Qxh4 Qe3 48.
Qf6 Kd7 49.g5 Qe4 50.Kg3 Be3 51.h4 Qc2 52.g6 Qf2+ 53.Kg4 Qg2+ 54.Kh5 Qg3 
55.g7 Bf4 56.Qf7+ 1-0

[Event "15th Unive op"]
[Site "Hoogeveen NED"]
[Date "2011.10.16"]
[Round "3.34"]
[White "Rietveld, Renze"]
[Black "Potze, Rudolf"]
[Result "0-1"]
[WhiteElo "2291"]
[BlackElo "2126"]
[EventDate "2011.10.14"]
[PlyCount "80"]

1.e4 c5 2.Nf3 Nc6 3.d4 cxd4 4.Nxd4 Nf6 5.Nc3 e5 6.Ndb5 d6 7.Bg5 a6 8.Na3 
b5 9.Bxf6 gxf6 10.Nd5 Bg7 11.c3 f5 12.exf5 Bxf5 13.Nc2 Be6 14.g3 O-O 15.
Bg2 a5 16.O-O f5 17.Qd2 Rb8 18.Rfd1 Qd7 19.f4 e4 20.Bf1 Rfd8 21.a4 bxa4 
22.Nce3 Kh8 23.Kh1 Qb7 24.Rxa4 Qxb2 25.Qe1 Qb7 26.g4 Ne7 27.Nxe7 Qxe7 28.
Rxa5 Qc7 29.c4 fxg4 30.Nd5 Qf7 31.Qe3 Rb2 32.Ra7 Qh5 33.Be2 Qh6 34.Rg1 Rf8
35.Qxe4 Bf5 36.Qe3 Qg6 37.h3 Be4+ 38.Kh2 Bf3 39.Nc3 Qh6 40.Rg3 Qxf4 0-1

[Event "15th Unive op"]
[Site "Hoogeveen NED"]
[Date "2011.10.16"]
[Round "3.35"]
[White "Dijkhuis, Tycho"]
[Black "Law, Nicky"]
[Result "0-1"]
[WhiteElo "1873"]
[BlackElo "2208"]
[EventDate "2011.10.14"]
[PlyCount "58"]

1.e4 c5 2.Nf3 d6 3.d4 cxd4 4.Nxd4 Nf6 5.Nc3 g6 6.Be3 Bg7 7.f3 Nc6 8.Qd2 
O-O 9.Bc4 Bd7 10.O-O-O Rb8 11.Kb1 b5 12.Bb3 Ne5 13.h4 a5 14.a3 b4 15.axb4 
Rxb4 16.Bg5 Nc4 17.Bxc4 Rxc4 18.Nde2 Qb6 19.b3 Be6 20.Qe3 Qb7 21.Kc1 Rc5 
22.Rd3 Rfc8 23.Kd2 Nd7 24.Bf4 Qb4 25.g4 a4 26.h5 axb3 27.hxg6 fxg6 28.Rb1 
Nb6 29.cxb3 Bxb3 0-1

[Event "15th Unive op"]
[Site "Hoogeveen NED"]
[Date "2011.10.16"]
[Round "3.36"]
[White "Majhi, Ankit"]
[Black "Mellema, Andries"]
[Result "0-1"]
[WhiteElo "1760"]
[BlackElo "2182"]
[EventDate "2011.10.14"]
[PlyCount "88"]

1.e4 e6 2.d4 d5 3.e5 c5 4.c3 Nc6 5.Nf3 Bd7 6.Bd3 cxd4 7.cxd4 Qb6 8.O-O 
Nxd4 9.Nxd4 Qxd4 10.Nc3 a6 11.Qe2 Ne7 12.Kh1 Nc6 13.f4 Nb4 14.Rd1 Nxd3 15.
Rxd3 Qa7 16.Be3 Bc5 17.Rad1 Bxe3 18.Rxe3 O-O-O 19.Rg3 g6 20.b4 Kb8 21.Rb1 
Rc8 22.a4 Rc4 23.b5 axb5 24.axb5 Qc5 25.Qa2 Bxb5 26.Ra1 Ba6 27.Rb1 Qc6 28.
h3 Rc8 29.Qa3 Rxc3 30.Rxc3 Qxc3 31.Qd6+ Qc7 32.Qxa6 Qc1+ 33.Qf1 Qxf1+ 34.
Rxf1 Rc4 35.Kh2 b5 36.Kg3 b4 37.Kh4 h6 38.g4 Rc3 39.g5 h5 40.Rb1 b3 41.f5 
exf5 42.e6 Rc4+ 43.Kg3 h4+ 44.Kf3 fxe6 0-1

[Event "15th Unive op"]
[Site "Hoogeveen NED"]
[Date "2011.10.16"]
[Round "3.37"]
[White "Baskin, Robert"]
[Black "Hendriks, Richard V"]
[Result "0-1"]
[WhiteElo "2016"]
[BlackElo "2136"]
[EventDate "2011.10.14"]
[PlyCount "58"]

1.e4 e5 2.Nf3 Nc6 3.Bb5 f5 4.d3 fxe4 5.dxe4 Nf6 6.O-O Bc5 7.Bxc6 bxc6 8.
Nxe5 O-O 9.Bg5 Qe8 10.Bxf6 Rxf6 11.Nd3 Bd4 12.Nd2 Ba6 13.Rb1 Qg6 14.Qe2 
Raf8 15.c4 d5 16.b3 Re8 17.e5 Bc8 18.Kh1 Bf5 19.Qd1 Rff8 20.Nf4 Qh6 21.Ne2
Bxe5 22.g3 Bxb1 23.Qxb1 d4 24.Nc1 Qh3 25.Kg1 Re6 26.f4 Bxf4 27.Rxf4 Rxf4 
28.gxf4 Rg6+ 29.Kf2 Qe3+ 0-1

[Event "15th Unive op"]
[Site "Hoogeveen NED"]
[Date "2011.10.16"]
[Round "3.38"]
[White "Cox, Jan"]
[Black "Poelstra, Ben"]
[Result "0-1"]
[WhiteElo "2008"]
[BlackElo "2102"]
[EventDate "2011.10.14"]
[PlyCount "98"]

1.e4 e5 2.Nf3 Nf6 3.Nxe5 d6 4.Nxf7 Kxf7 5.d4 Be7 6.Nc3 Re8 7.Bc4+ Kf8 8.
O-O c5 9.d5 Nbd7 10.f4 Nb6 11.Bb5 Bd7 12.Bxd7 Nfxd7 13.e5 Kg8 14.e6 Nf8 
15.g4 Bf6 16.g5 Bd4+ 17.Kh1 Nxe6 18.dxe6 Rxe6 19.Nb5 Qd7 20.Nxd4 cxd4 21.
Qf3 Rae8 22.f5 Re1 23.Bd2 Rxa1 24.Rxa1 Qc6 25.Rf1 Re2 26.Bf4 Rxc2 27.Qxc6 
Rxc6 28.h4 Nc4 29.Rd1 Ne3 30.Bxe3 dxe3 31.Re1 Rc4 32.Kg2 Rxh4 33.Kf3 d5 
34.Rxe3 Rh3+ 35.Kf4 Rxe3 36.Kxe3 h5 37.gxh6 gxh6 38.Kd4 Kf7 39.Kxd5 Kf6 
40.Ke4 a5 41.Kf4 b5 42.b3 h5 43.a3 b4 44.a4 h4 45.Kg4 h3 46.Kxh3 Kxf5 47.
Kg3 Ke4 48.Kf2 Kd3 49.Ke1 Kc2 0-1

[Event "15th Unive op"]
[Site "Hoogeveen NED"]
[Date "2011.10.16"]
[Round "3.39"]
[White "Yamada, Kohei"]
[Black "Mol, Christiaan"]
[Result "1-0"]
[WhiteElo "2093"]
[BlackElo "2013"]
[EventDate "2011.10.14"]
[PlyCount "69"]

1.d4 Nf6 2.c4 e6 3.Nc3 Bb4 4.f3 Bxc3+ 5.bxc3 c5 6.d5 e5 7.e4 d6 8.Ne2 h6 
9.Ng3 g6 10.Bd3 Nbd7 11.O-O g5 12.Nf5 Nb6 13.Qe2 Bxf5 14.exf5 Kd7 15.a4 
Kc7 16.Be3 Nbd7 17.Rfb1 Qe7 18.Be4 g4 19.Ra2 Nxe4 20.fxe4 h5 21.Qb2 Rhb8 
22.a5 Qh4 23.g3 Qe7 24.Qd2 Rg8 25.Rab2 Rab8 26.Qc2 h4 27.Qa4 b6 28.axb6+ 
axb6 29.Qc6+ Kd8 30.Ra1 Rf8 31.Ra8 Rxa8 32.Qxa8+ Kc7 33.Qc6+ Kd8 34.Ra2 
Qf6 35.Ra7 1-0